[Event "ROM-ch U14 Girls"]
[Site "Calimanesti Caciulata"]
[Date "2019.04.17"]
[Round "3"]
[White "Virgolici, Diana Maria"]
[Black "Iorga, Maria Irina"]
[Result "1/2-1/2"]
[WhiteElo "1176"]
[BlackElo "1313"]
[PlyCount "76"]
[EventDate "2019.04.15"]
[EventType "swiss"]
[EventRounds "9"]
[EventCountry "ROU"]
[SourceTitle "CBM 190 Extra"]
[Source "ChessBase"]
[SourceDate "2019.07.15"]
[SourceVersion "1"]
[SourceVersionDate "2019.07.15"]
[SourceQuality "1"]

1. e4 d5 2. exd5 Qxd5 3. Nc3 Qa5 4. d4 Nf6 5. Nf3 Bg4 6. h3 Bh5 7. g4 Bg6 8. Ne5 e6 9. Bg2 c6 10. 0-0 Nbd7 11. f4 h5 12. Nxg6 fxg6 13. g5 Nd5 14. Nxd5 exd5 15. Qe2+ Be7 16. Bd2 Qd8 17. Qe6 Nf8 18. Qe5 Rg8 19. Bb4 Kd7 20. Bxe7 Qxe7 21. Qxe7+ Kxe7 22. Rae1+ Ne6 23. f5 gxf5 24. Rxf5 Rae8 25. h4 g6 26. Rfe5 Kd6 27. Bh3 Ng7 28. Rxe8 Rxe8 29. Rxe8 Nxe8 30. Kf2 Ng7 31. Kf3 Ne6 32. Bxe6 Kxe6 33. Kf4 a6 34. b3 b6 35. c3 a5 36. a3 b5 37. a4 bxa4 38. bxa4 Kd6 1/2-1/2

[Event "ROM-ch U14 Girls"]
[Site "Calimanesti Caciulata"]
[Date "2019.04.16"]
[Round "2"]
[White "Iorga, Maria Irina"]
[Black "Hoanca, Alexia Ioana"]
[Result "1/2-1/2"]
[WhiteElo "1313"]
[BlackElo "1144"]
[PlyCount "70"]
[EventDate "2019.04.15"]
[EventType "swiss"]
[EventRounds "9"]
[EventCountry "ROU"]
[SourceTitle "CBM 190 Extra"]
[Source "ChessBase"]
[SourceDate "2019.07.15"]
[SourceVersion "1"]
[SourceVersionDate "2019.07.15"]
[SourceQuality "1"]

1. d4 Nf6 2. Nf3 e6 3. Bg5 d5 4. e3 Nbd7 5. c4 Be7 6. Nc3 b6 7. Be2 Bb7 8. 0-0 0-0 9. cxd5 exd5 10. Qc2 h6 11. Bh4 c5 12. Rfd1 cxd4 13. Nxd4 Rc8 14. Qf5 Nc5 15. Bxf6 Bxf6 16. b4 Na6 17. Bxa6 Bxa6 18. Nxd5 Bxd4 19. Rxd4 Rc4 20. Rad1 Rxd4 21. Rxd4 Re8 22. h3 Qd6 23. Qf4 Qxf4 24. Nxf4 Rc8 25. Rd2 Rc1+ 26. Kh2 Bc4 27. Rd8+ Kh7 28. Rc8 b5 29. Rc7 Rb1 30. a3 Rb2 31. f3 g5 32. Nh5 Bf1 33. Kg1 Bxg2 34. Rxa7 Bxf3 35. Nf6+ Kg6 1/2-1/2

[Event "ROM-ch U12 Girls"]
[Site "Calimanesti"]
[Date "2018.03.27"]
[Round "1"]
[White "Moldovanu, Raluca"]
[Black "Iorga, Maria Irina"]
[Result "1-0"]
[WhiteElo "1059"]
[BlackElo "1302"]
[PlyCount "47"]
[EventDate "2018.03.27"]
[EventType "swiss"]
[EventRounds "9"]
[EventCountry "ROU"]
[SourceTitle "CBM 183 Extra"]
[Source "ChessBase"]
[SourceDate "2018.04.19"]
[SourceVersion "1"]
[SourceVersionDate "2018.04.19"]
[SourceQuality "1"]

1. d4 d5 2. c4 e6 3. Nc3 Nf6 4. Bf4 Be7 5. Nf3 0-0 6. e3 c5 7. Bd3 Nc6 8. 0-0 cxd4 9. exd4 dxc4 10. Bxc4 b6 11. Qd2 Bb7 12. Rfe1 Rc8 13. Bb3 h6 14. Rad1 Bd6 15. d5 Bxf4 16. Qxf4 exd5 17. Nxd5 Nxd5 18. Rxd5 Qc7 19. Qxc7 Rxc7 20. Rc1 Re8 21. h3 Ree7 22. Bc2 Nb4 23. Rd8+ Re8 24. Rxe8# 1-0

[Event "ROM-ch U10 Girls"]
[Site "Calimanesti Caciulata"]
[Date "2016.04.21"]
[Round "4"]
[White "Iorga, Maria Irina"]
[Black "Popa, Roxana Maria"]
[Result "1/2-1/2"]
[WhiteElo "1042"]
[BlackElo "1317"]
[PlyCount "85"]
[EventDate "2016.04.18"]
[EventType "swiss"]
[EventRounds "9"]
[EventCountry "ROU"]
[SourceTitle "CBM 172 Extra"]
[Source "ChessBase"]
[SourceDate "2016.06.21"]
[SourceVersion "1"]
[SourceVersionDate "2016.06.21"]
[SourceQuality "1"]

1. e4 e5 2. Nf3 Nc6 3. Bc4 Bc5 4. c3 h6 5. d4 exd4 6. cxd4 Bb4+ 7. Bd2 Bxd2+ 8. Nbxd2 d6 9. Qb3 Qe7 10. 0-0 Nf6 11. Rfe1 0-0 12. h3 b6 13. d5 Ne5 14. Nxe5 Qxe5 15. Qc3 Qg5 16. Qe3 Qxe3 17. Rxe3 Bb7 18. f3 c6 19. dxc6 Bxc6 20. g4 Rfe8 21. Rae1 Re7 22. b3 Rae8 23. Kf2 Re5 24. a4 R5e7 25. R1e2 Rd7 26. Re1 Red8 27. Rd3 d5 28. exd5 Bxd5 29. Bxd5 Rxd5 30. Rxd5 Rxd5 31. Ne4 Nd7 32. Re2 Rd3 33. Re3 Rxe3 34. Kxe3 Kf8 35. Kd4 Ke7 36. Kd5 Nb8 37. b4 Kd7 38. b5 Ke7 39. f4 Kd7 40. f5 Ke7 41. Ke5 Kd7 42. Kd5 a6 43. Nd6 1/2-1/2

[Event "ROM-ch U10 Girls"]
[Site "Calimanesti"]
[Date "2015.03.31"]
[Round "2"]
[White "Bajenaru, Bianca Emiliana"]
[Black "Iorga, Maria Irina"]
[Result "1-0"]
[WhiteElo "1012"]
[BlackElo "1001"]
[PlyCount "105"]
[EventDate "2015.03.30"]
[EventType "swiss"]
[EventRounds "9"]
[EventCountry "ROU"]
[SourceTitle "CBM 165 Extra"]
[Source "ChessBase"]
[SourceDate "2015.04.21"]
[SourceVersion "1"]
[SourceVersionDate "2015.04.21"]
[SourceQuality "1"]

1. e4 e5 2. Nf3 Nc6 3. Bc4 Nf6 4. d3 d6 5. h3 Be7 6. 0-0 0-0 7. Nc3 b6 8. Be3 Bb7 9. Bb3 Qd7 10. Ba4 a6 11. Ne2 b5 12. Bb3 a5 13. c3 a4 14. Bc2 b4 15. Ng3 Na5 16. cxb4 Nc6 17. b5 Nb4 18. Bxa4 c6 19. b6 h6 20. Qb3 Na6 21. Rac1 Nc5 22. Bxc5 dxc5 23. Nh2 Qe6 24. Qc2 Qxa2 25. Ra1 Qe6 26. Qd1 Rfd8 27. Qf3 Ba6 28. Bc2 c4 29. Rad1 Rab8 30. Nf5 g6 31. Nxh6+ Kg7 32. Qe3 Nh5 33. dxc4 Bxc4 34. b3 Bxf1 35. Rxf1 Nf4 36. b4 Kxh6 37. g3 Bxb4 38. gxf4 exf4 39. Qxf4+ Kg7 40. Qf3 Rxb6 41. Bb3 Qf6 42. Qe3 c5 43. Ng4 Qh4 44. Qf3 Rd7 45. Ne5 Re7 46. Nxf7 Rf6 47. Qd1 Qxh3 48. Ng5 Qh4 49. Nf3 Qg4+ 50. Kh2 Rxe4 51. Bd5 Qh4+ 52. Nxh4 Rff4 53. Bxe4 1-0